000 00542nam a2200181Ia 4500
001 24989
005 20260414151120.0
008 260414t2001||||xx |||||||||||||| ||spa||
041 _aESP
082 _a346.09
_bR24
100 _aRamos Nuñez, Carlos [1960-...]
_eAUT
245 0 _aHistoria del derecho civil peruano siglos XIX y XX :
_bla codificación del siglo XIX: los códigos de la confederación y el código civil de 1852
260 _c2001
300 _a
_c20 cm.
650 _aDER
654 _aCDE
942 _cLIB
_dJUS
_fJUS
_2ddc
_n
999 _c24989
_d24989